Countries with the Most Wheat Exports - Statistics

General Stats
  • This quiz has been taken 104 times
  • The average score is 15 of 20
Answer Stats
Rank Export Values Largest Exporters % Correct
1. $6.1 Billion United States
98%
2. $5.8 Billion Russia
96%
6. $2.8 Billion Ukraine
94%
3. $5.1 Billion Canada
93%
8. $1.6 Billion Germany
92%
5. $3 Billion France
91%
20. $169.2 Million Italy
91%
4. $4.7 Billion Australia
88%
14. $538.9 Million Poland
85%
7. $2.4 Billion Argentina
84%
13. $591.9 Million Hungary
72%
9. $1.1 Billion Romania
71%
11. $660.8 Million Kazakhstan
65%
15. $479.9 Million Czech Republic
64%
10. $772.7 Million Bulgaria
62%
17. $220.7 Million Slovakia
62%
18. $196.6 Million Austria
58%
19. $185.1 Million Belgium
45%
12. $604.4 Million Lithuania
35%
16. $411.7 Million Latvia
33%
No matching quizzes found
Score Distribution
Percent of People with Each Score
Percentile by Number Answered
Your Score History
You have not taken this quiz